ბათუმის შოთა რუსთაველის სახელმწიფო უნივერსიტეტის ბიბლიოთეკა

World Atlas of oil and gas basins / (ბიბ.ჩანაწერი № 41083)

000 -LEADER
fixed length control field 00664nam a2200217Ia 4500
001 - CONTROL NUMBER
control field 7732
003 - CONTROL NUMBER IDENTIFIER
control field GE_BSU
005 - DATE AND TIME OF LATEST TRANSACTION
control field 20220923110226.0
008 - FIXED-LENGTH DATA ELEMENTS--GENERAL INFORMATION
fixed length control field 181216s2011en xx |||||||||||||| ||eng||
020 ## - INTERNATIONAL STANDARD BOOK NUMBER
International Standard Book Number 9780470656617
040 ## - CATALOGING SOURCE
Transcribing agency GE_BSU
041 ## - LANGUAGE CODE
Language code of text/sound track or separate title eng
080 ## - UNIVERSAL DECIMAL CLASSIFICATION NUMBER
Universal Decimal Classification number 553.981(084.4) G-47
100 ## - MAIN ENTRY--PERSONAL NAME
Personal name Guoyi,Li
9 (RLIN) 14716
245 ## - TITLE STATEMENT
Title World Atlas of oil and gas basins /
Statement of responsibility, etc. Li Guoyi
264 ## - PRODUCTION, PUBLICATION, DISTRIBUTION, MANUFACTURE, AND COPYRIGHT NOTICE
Place of production, publication, distribution, manufacture Oxford :
Name of producer, publisher, distributor, manufacturer Wiley-Blackwell,
Date of production, publication, distribution, manufacture, or copyright notice 2011.
300 ## - PHYSICAL DESCRIPTION
Extent 474 p. ;
Dimensions 30 cm.
653 ## - INDEX TERM--UNCONTROLLED
keyword World Atlas of oil and gas basins
653 ## - INDEX TERM--UNCONTROLLED
keyword ნავთობისა და გაზის აუზების მსოფლიო ატლასი
942 ## - ADDED ENTRY ELEMENTS (KOHA)
Koha item type წიგნი
Source of classification or shelving scheme
ეგზემპლარები
Withdrawn status Lost status Source of classification or shelving scheme Damaged status Not for loan Permanent Location Current Location Shelving location Date acquired Cost, normal purchase price Full call number Barcode Date last seen Copy number Price effective from Koha item type Public note
          ბათუმის შოთა რუსთაველის სახელმწიფო უნივერსიტეტის მთავარი ბიბლიოთეკა ტექნოლოგიური ფაკულტეტის ბიბლიოთეკა წიგნსაცავი 2018-12-17 233.00 553.981(084.4) G-47 24113 2018-12-17 24113 2018-12-17 წიგნი 233gel.